000 00272nam a2200121Ia 4500
008 190216s9999||||xx |||||||||||||| ||und||
100 _aNull
245 0 _aUp To Date Tti Integrated Circuits
260 _bBpb Pub
_c1997
300 _a716p
650 _aPhysics
942 _cBK
999 _c8758
_d8758